| 000 | 02094cam a2200529 a 4500 | ||
|---|---|---|---|
| 001 | 21602 | ||
| 003 | VRT | ||
| 005 | 20260306135417.0 | ||
| 008 | 240702s1993 xo a cr 000 j slo | ||
| 015 | _aSNBA1993/05 | ||
| 020 | _a8071460621 | ||
| 035 | _aSNK000014308 | ||
| 035 | _aurn:nbn:sk:snk-amlmur | ||
| 035 | _aurn:nbn:sk:snk-am00bye0 | ||
| 035 | _aF04C210A-B09F-419E-AD76-92AE83013D0D | ||
| 039 | 9 |
_a202407251101 _bAUTHORITY _c202407251037 _dcsnkv15 _c202407241633 _dAUTHORITY _c202407041123 _dmsnk24 |
|
| 040 |
_aSNK _bslo _cSNK _eAACR2 |
||
| 041 | 1 |
_aslo _heng |
|
| 044 |
_axo _cSK |
||
| 072 | 7 |
_a821.111-3 _xAnglická próza, anglicky písaná |
|
| 072 | 7 |
_a821-93 _xLiteratúra pre deti a mládež (beletria) _2konspekt |
|
| 080 |
_a820-3(087.5) _21981 |
||
| 080 |
_a821.111-32 _22011 |
||
| 080 |
_a(0:82-321.3) _22011 |
||
| 080 |
_a82-93-053.4/.5 _22011 |
||
| 100 | 1 |
_aBishop, Michael _4aut |
|
| 245 | 1 | 0 |
_aRobin Hood. Ostrov pokladov _cMichael Bishop ; autor literárnej predlohy Robert Louis Stevenson ; preklad Anna Pokorná, Anton Šteffek ; ilustrácie Gerry Embleton |
| 250 | _a[1. vyd.] | ||
| 260 |
_aBratislava _bSlovart Junior _c1993 _eKošice _fVýchodoslovenské tlačiarne |
||
| 300 |
_a93 s. _bilustrácie _c29 cm |
||
| 500 | _aIlustrácia na titulnej strane a predsádkach | ||
| 500 | _aPravdepodobne preložené z angličtiny | ||
| 650 | 0 | 7 |
_aRobin Hood (legendárna postava) _2SNKPH |
| 655 | 7 |
_aanglické príbehy _2SNKPH |
|
| 655 | 7 |
_adobrodružné príbehy _2SNKPH |
|
| 655 | 7 |
_aliteratúra pre deti _2SNKPH |
|
| 700 | 1 | 2 |
_iAdaptácia diela: _aStevenson, Robert Louis, _d1850-1894 _tTreasure island |
| 700 | 1 |
_aPokorná, Anna _c(prekladateľka) _4trl |
|
| 700 | 1 |
_aŠteffek, Anton _c(prekladateľ) _4trl |
|
| 700 | 1 |
_aEmbleton, Gerry A., _d1941- _4ill |
|
| 942 |
_2ddc _cKLDE _n0 |
||
| 949 |
_617A0146199 _9P60, <05>, [BOOK], {605} _asnkSB 50961 D1 |
||
| 949 |
_6270001000089047 _asvkbbC 35078 _bsvkbbm 577758 |
||
| 949 |
_617A0805139 _asnkSB 50961 _s6100:20160606 |
||
| 999 |
_c21602 _d21602 |
||